=LDR 00000nam 2200000 4500 =001 INLIS000000000049893 =005 20170410112434.0 =006 =007 =008 =035 ##$$0010-041700000000083 =040 ##$$a NBPDMAT =082 ##$$a 297. 723 =084 ##$$a 297. 723 $b Muh m =100 ##$$a MUHAMMAD SHAFWAN =245 ##$$a Mozaik Catatan Para Santri : Butiran Permata dari Mimbar Abror / EM. Shafwan =260 ##$$a Mataram $b Yayasan Renjani Sakti, $c 2015 =300 ##$$a 206 hlm. ; ilus. $c 19 cm. =440 ##$$a Dakwah Islam - Materi =650 ##$$a Dakwah Islam - Materi =850 ##$$a NBPDMAT =990 ##$$a 035/46/2017 =990 ##$$a 21604495 =990 ##$$a 21604496 =990 ##$$a 21604497 =990 ##$$a 21604498 =990 ##$$a 035/46/2017 =990 ##$$a 21604495 =990 ##$$a 21604496 =990 ##$$a 21604497 =990 ##$$a 035/46/2017 =990 ##$$a 035/46/2017 =990 ##$$a 21604495 =990 ##$$a 21604496 =990 ##$$a 035/46/2017 =990 ##$$a 035/46/2017 =990 ##$$a 035/46/2017 =990 ##$$a 21604495 =990 ##$$a 035/46/2017 =990 ##$$a 035/46/2017 =990 ##$$a 035/46/2017 =990 ##$$a 035/46/2017 =990 ##$$a 035/46/2017 =990 ##$$a 035/46/2017 =990 ##$$a 035/46/2017 =990 ##$$a 035/46/2017